00883nam a2200229Ia 4500003000400000005001700004008004100021020001800062040001800080041000800098082002200106100002600128245007400154250001200228260004800240300003100288650004900319650006600368942003100434999001900465952016900484OSt20220929111100.0210716s2016 xx 000 0 und d a9788120352100 cAIMIT LIBRARY aeng a005.448 21bCOUA aCouch, Andrew.958749 aExtend microsoft access applications to the cloud /cBy Andrew Couch. a1st ed. aNew Delhi :bPHI Learning Pvt Ltd ,c2016 . axxv, 403p. ;bPBc23.5 cm. aProgramming a web app by using macros958750 aLooking under the hood at microsoft azure SQL database958751 2ddccBKe1stk005.448 COUA c195103d195103 00102ddc40708MCAaAIMITbAIMITeKnowledge Worldg450.00iBill no:218; Bill dt:2016-03-04l0o005.448 COUApMCA14612r2026-05-23 00:00:00v337.50w2021-07-16yBK